LEADER 00995nam a2200241 i 4500 001 000000157050 003 CaOOAMICUS 005 20080124000000.0 008 080124s2007 it u000 u ita u 013 $a134405 020 $a978-88-89094-32-7 040 $aSeMil$bita 100 1 $aViolante, Tommaso M. .$0(OLS)http://semarc/name/93576 245 13$aIl Sogno :$bDomenico di Guzmán si racconta /$cTommaso M. Violante. 260 $aNapoli :$bEDI,$ccopyr. 2007. 300 $a206 p. :$bill. ;$c19 cm. 600 04$aDomenico : di Guzmán .$0(OLS)http://semarc/subject/3710 850 $aSeMil 852 $aSeMil$W1$xVenegono$y1$m3H II 390$j108779$B108779$CSeMilBibl$Z2$F133408 $81 961 $aOmaggio per recensione: Scuola Cattolica 996 $6020$a978-88-89094-32-7$9(OLS)http://semarc/number/147299 996 $6245$aIl Sogno :$bDomenico di Guzmán si racconta$9(OLS)http://semarc/title/230300 996 $6260$aNapoli :$bEDI$9(OLS)http://semarc/publisher/44045 LEADER 01542nam a2200229 i 4500 001 000000231025 003 CaOOAMICUS 005 20140704000000.0 008 140704s1758 it u000 u lat u 013 $a209928 026 $aq.u- n-ea m.e- amqu (3) 1758 (R) 040 $aSeMil$bita 245 10$aHenrici a Porta Cuneatis ord. Praedic. ... De linguarum orient. ad omne doctrinĉ genus praestantia. Accedunt Exercitationes duae in quarum prima invocatio sanctorum adversus Theodoricum Hackspanium in altera purgatorii veritas adversus eundem Hackspanium, Josephum Binghamum, Isaacum Beausobrium .. 260 $aMediolani :$bEx Typographia Haeredum Josephi Agnelli,$c1758. 300 $aXXXVI, 380, [2] p. ;$c4ş. 500 $aIniz. xilogr. - Segn. : *4 ?4 ?4 2*4 3*2 a-k4 l4(-l4) m-2c4 2d2 2e-2z4 3a2 3b4 3c2 3d2. 700 1 $aPorta, Enrico .$0(OLS)http://semarc/name/79522 700 1 $aAgnelli, Giuseppe eredi,$c.$0(OLS)http://semarc/name/72206 850 $aSeMil 852 $aSeMil$W1$xVenegono$y1$m2W IV 49 FA$j181371$B181371$CSeMilBibl$Z2$F192239 $8I 996 $6245$aHenrici a Porta Cuneatis ord. Praedic. ... De linguarum orient. ad omne doctrinĉ genus praestantia. Accedunt Exercitationes duae in quarum prima invocatio sanctorum adversus Theodoricum Hackspanium in altera purgatorii veritas adversus eundem Hackspanium, Josephum Binghamum, Isaacum Beausobrium ..$9(OLS)http://semarc/title/329950 996 $6260$aMediolani :$bEx Typographia Haeredum Josephi Agnelli$9(OLS)http://semarc/publisher/53857